Collaborative scheme to meet Curry proposals (Record no. 73134)
[ view plain ]
| 000 -LEADER | |
|---|---|
| fixed length control field | 01034cam a2200217 4500 |
| 001 - CONTROL NUMBER | |
| control field | WB3929-18 |
| 008 - FIXED-LENGTH DATA ELEMENTS--GENERAL INFORMATION | |
| fixed length control field | 030730n2003 000 0 eng u |
| 035 ## - SYSTEM CONTROL NUMBER | |
| System control number | (Sirsi) u123151 |
| 245 ## - TITLE STATEMENT | |
| Title | Collaborative scheme to meet Curry proposals |
| 260 ## - PUBLICATION, DISTRIBUTION, ETC. | |
| Date of publication, distribution, etc. | 2003 |
| 490 ## - SERIES STATEMENT | |
| Series statement | Farmers' Weekly |
| Volume/sequential designation | 139(3) 18 July 2003, 18(1) |
| 520 ## - SUMMARY, ETC. | |
| Summary, etc. | National Trust becomes the first major UK landowner to embrace proposals set out by Donald Curry's policy commission on farming and food. The launch of Farming Forward in Action will see the National Trust establish a collaborative scheme on a mass scale. The aim is to build a better future through enhancing the environment. For the National Trust Press Release: http://www.nationaltrust.org.uk/webpack/bin/webpack.exe/livebase?object=LiveBase1&itemurn=1348&mode=wbFullItem |
| 590 ## - LOCAL NOTE (RLIN) | |
| Local note | WB |
| 650 ## - SUBJECT ADDED ENTRY--TOPICAL TERM | |
| Topical term or geographic name entry element | NATIONAL TRUST |
| 650 ## - SUBJECT ADDED ENTRY--TOPICAL TERM | |
| Topical term or geographic name entry element | FARM REFORMS |
| 650 ## - SUBJECT ADDED ENTRY--TOPICAL TERM | |
| Topical term or geographic name entry element | LANDOWNER |
| 650 ## - SUBJECT ADDED ENTRY--TOPICAL TERM | |
| Topical term or geographic name entry element | FARMING FORWARD |
| 650 ## - SUBJECT ADDED ENTRY--TOPICAL TERM | |
| Topical term or geographic name entry element | SUSTAINABLE FARMING |
| 690 ## - LOCAL SUBJECT ADDED ENTRY--TOPICAL TERM (OCLC, RLIN) | |
| Topical term or geographic name as entry element | RURAL-AGRICULTURE AND FORESTRY |
| 942 ## - ADDED ENTRY ELEMENTS (KOHA) | |
| Suppress in OPAC | 0 |
| Withdrawn status | Lost status | Source of classification or shelving scheme | Damaged status | Not for loan | Home library | Current library | Shelving location | Date acquired | Total Checkouts | Full call number | Barcode | Date last seen | Copy number | Price effective from | Koha item type |
|---|---|---|---|---|---|---|---|---|---|---|---|---|---|---|---|
| Dewey Decimal Classification | London | London | News article | 30/07/2003 | WB3929-18 | 123151-1001 | 06/08/2019 | 1 | 06/08/2019 | News article |